Sports Quiz

Random Sports Quiz
Score 0/30 Timer 07:00
0 Plays Today
Year Player % Correct
2008Alfonso Soriano
88.2%
2009Alfonso Soriano
88.2%
2003Moises Alou
79.6%
2004Moises Alou
79.6%
1998Henry Rodriguez
60.6%
1999Henry Rodriguez
60.6%
2000Henry Rodriguez
60.6%
1984Gary Matthews
49.5%
1985Gary Matthews
49.5%
2006Matt Murton
42.7%
2007Matt Murton
42.7%
1997Brant Brown
40.5%
2002Roosevelt Brown
40.1%
1991 George Bell
37.6%
2001Rondell White
33.3%
Year Player % Correct
1996Luis Gonzalez
29.7%
1994Derrick May
26.5%
2005Todd Hollandsworth
25.8%
1980Dave Kingman
25.4%
1988Rafael Palmeiro
23.3%
1989Mitch Webster
20.1%
1990Lloyd McClendon
17.2%
1986Brian Dayett
16.5%
1987 Brian Dayett
16.5%
1992Luis Salazar
16.5%
1993Candy Maldonado
15.1%
1995Scott Bullett
15.1%
1983Mell Hall
12.5%
1981Steve Henderson
11.8%
1982Steve Henderson
11.8%

You're not logged in!

Compare scores with friends on all Sporcle quizzes.
OR
Log In

Sporcle TV

Today on Sporcle TV


Watch our educational content, quiz creation guides, and fun videos on Sporcle TV.

Show Comments

Extras

Top Quizzes Today


Score Distribution

Paid Content

Your Account Isn't Verified!

In order to create a playlist on Sporcle, you need to verify the email address you used during registration. Go to your Sporcle Settings to finish the process.

Report this User

Report this user for behavior that violates our Community Guidelines.

Details: